Cargando…

John Edward Bruce : Politician, Journalist, and Self-Trained Historian of the African Diaspora /

Detalles Bibliográficos
Clasificación:Libro Electrónico
Autor principal: Crowder, Ralph L.
Formato: Electrónico eBook
Idioma:Inglés
Publicado: New York : New York University Press, 2004.
Colección:Book collections on Project MUSE.
Temas:
Acceso en línea:Texto completo

MARC

LEADER 00000cam a22000004a 4500
001 musev2_7634
003 MdBmJHUP
005 20230905040856.0
006 m o d
007 cr||||||||nn|n
008 030916s2004 nyu o 00 0 eng d
010 |z  2003020499 
020 |a 9780814772324 
020 |z 9780814715185 
035 |a (OCoLC)57364917 
040 |a MdBmJHUP  |c MdBmJHUP 
043 |a n-us--- 
050 0 4 |a E185.97.B895  |b C76 2004 
082 0 |a 973/.0496073/0092  |a B  |2 22 
100 1 |a Crowder, Ralph L. 
245 1 0 |a John Edward Bruce :   |b Politician, Journalist, and Self-Trained Historian of the African Diaspora /   |c Ralph L. Crowder. 
264 1 |a New York :  |b New York University Press,  |c 2004. 
264 3 |a Baltimore, Md. :  |b Project MUSE,   |c 2012 
264 4 |c ©2004. 
300 |a 1 online resource (256 pages):   |b ill. ; 
336 |a text  |b txt  |2 rdacontent 
337 |a computer  |b c  |2 rdamedia 
338 |a online resource  |b cr  |2 rdacarrier 
504 |a Includes bibliographical references (p. 219-227) and index. 
588 |a Description based on print version record. 
600 1 0 |a Bruce, John Edward. 
650 0 |a African Americans  |x Politics and government. 
650 0 |a African Americans  |x Intellectual life. 
650 0 |a Pan-Africanism. 
650 0 |a African diaspora. 
650 0 |a African Americans  |x Historiography. 
650 0 |a African American historians  |v Biography. 
650 0 |a African American journalists  |v Biography. 
650 0 |a African American political activists  |v Biography. 
655 7 |a Electronic books.   |2 local 
710 2 |a Project Muse.  |e distributor 
830 0 |a Book collections on Project MUSE. 
856 4 0 |z Texto completo  |u https://projectmuse.uam.elogim.com/book/7634/ 
945 |a Project MUSE - Custom Collection 
945 |a Project MUSE - Archive Complete Foundation 
945 |a Project MUSE - Archive History Foundation